<The> Country Risk Analysis

Salvato in:
Dettagli Bibliografici
Autore principale: Potoma, Radoslav, 1992-
Natura: Capitolo di libro
Lingua:inglese
Soggetti:
Tags: Aggiungi Tag
Nessun Tag, puoi essere il primo ad aggiungerne!!

MARC

LEADER 00000naa$a2200000$$$4500
001 0261325
005 20240502074142.5
041 0 |a eng 
044 |a SK 
245 1 0 |a <The> Country Risk Analysis  |c Radoslav Potoma 
500 |a abstrakt 
610 2 0 |a kríza 
610 2 0 |a riziko 
610 2 0 |a politika 
610 2 0 |a investori 
100 1 |a Potoma, Radoslav, 1992-